[Event "GER-chT U20 Girls"]
[Site "Arendsee"]
[Date "2008.12.28"]
[Round "3.4"]
[White "Becker, Franziska"]
[Black "Nake, Marianne"]
[Result "1/2-1/2"]
[WhiteElo "1481"]
[BlackElo "1320"]
[PlyCount "79"]
[EventDate "2008.12.27"]
[EventType "team-swiss"]
[EventRounds "5"]
[EventCountry "GER"]
[SourceTitle "EXT 2010"]
[Source "ChessBase"]
[SourceDate "2010.11.25"]
[SourceVersion "1"]
[SourceVersionDate "2010.11.25"]
[SourceQuality "1"]
[WhiteTeam "Hettstedt U20 Girls"]
[BlackTeam "Dresden Gruen Weiss U20 Girls"]
[WhiteTeamCountry "GER"]
[BlackTeamCountry "GER"]

1. b3 d5 2. Bb2 Nf6 3. e3 Bg4 4. Nf3 e6 5. c4 c6 6. a3 Nbd7 7. d4 Ne4 8. Be2 Bd6 9. Nfd2 Bxe2 10. Qxe2 Ndf6 11. f3 Nxd2 12. Nxd2 0-0 13. 0-0 Qb8 14. f4 Re8 15. Qf3 b5 16. c5 Bc7 17. g4 Nd7 18. h4 f5 19. Kf2 Qd8 20. g5 g6 21. h5 Kg7 22. hxg6 hxg6 23. Rh1 Rh8 24. Rag1 Rxh1 25. Rxh1 Qg8 26. Rh6 Nf8 27. Qh1 Re8 28. Nf3 Bb8 29. Nh4 Re7 30. Qe1 Bc7 31. Bc3 Bb8 32. Ba5 Rd7 33. a4 a6 34. axb5 axb5 35. Bb6 Qf7 36. Qh1 Qg8 37. Qa1 Qf7 38. Qa5 Bc7 39. Bxc7 Rxc7 40. Qb6 1/2-1/2